000 00332nam a2200133Ia 4500
008 150201s2008 xx 000 0 und d
082 _a616
_bI08T
100 _aTOPAL,ERIC
245 _aTB OF INTERVENTION CARDIOLOGY
250 _a5TH
260 _bSUNDERS ELSEVIER
_aDELHI
_c2008
650 _aMEDICINE AND DIAGNOSIS
942 _2ddc
_cBK
999 _c778
_d778